NFL Quarterbacks 24-25 - Statistics

General Stats
  • This quiz has been taken 64 times
  • The average score is 27 of 32
Answer Stats
Franchise Quarterback % Correct
Buffalo Bills Josh Allen
100%
New York Jets Aaron Rodgers
96%
Cincinnati Bengals Joe Burrow
96%
Baltimore Ravens Lamar Jackson
96%
Pittsburgh Steelers Russell Wilson
96%
Miami Dolphins Tua Tagovailoa
96%
Houston Texans C.J. Stroud
92%
Dallas Cowboys Dak Prescott
92%
Philadelphia Eagles Jalen Hurts
92%
Detroit Lions Jared Goff
92%
Kansas City Chiefs Patrick Mahomes
92%
Jacksonville Jaguars Trevor Lawrence
92%
Indianapolis Colts Anthony Richardson
90%
Tampa Bay Buccaneers Baker Mayfield
90%
San Francisco 49ers Brock Purdy
90%
New England Patriots Drake Maye
90%
Washington Commanders Jayden Daniels
90%
Green Bay Packers Jordan Love
90%
Los Angeles Rams Matthew Stafford
90%
Denver Broncos Bo Nix
88%
Los Angeles Chargers Justin Herbert
88%
Minnesota Vikings Sam Darnold
88%
Carolina Panthers Bryce Young
87%
Chicago Bears Caleb Williams
87%
Atlanta Falcons Kirk Cousins
87%
Arizona Cardinals Kyler Murray
87%
New Orleans Saints Derek Carr
85%
Tennessee Titans Will Levis
83%
Cleveland Browns Jameis Winston
75%
Las Vegas Raiders Gardner Minshew
65%
New York Giants Drew Lock
46%
Seattle Seahawks Gino Smith
6%
No matching quizzes found
Score Distribution
Percent of People with Each Score
Percentile by Number Answered
Your Score History
You have not taken this quiz